| 000 | 00493nam a2200181Ia 4500 | ||
|---|---|---|---|
| 005 | 20250326124129.0 | ||
| 008 | 250326s9999 xx 000 0 und d | ||
| 037 | _aTextbook | ||
| 040 |
_aFMSL _beng _cFMSL |
||
| 041 |
_aeng _2eng |
||
| 084 |
_aX:51 K2;2 _qFMSL |
||
| 100 |
_aBartels R _9736837 |
||
| 245 | 0 |
_aDevelopment of marketing thought _cBartels R |
|
| 260 |
_aUSA _bUSA, Richard D Irwin _c1962 |
||
| 300 | _a284p | ||
| 942 |
_cTB _hX:51 K2;2 |
||
| 999 |
_c1272418 _d1272418 |
||